000 01366aab a2200241 i 4500
001 768714001
003 CO-MdFUSB
005 20260309145450.0
008 240711t2006 sz ||||| |||| 00| 0 eng d
040 _bspa
_cCO-MdFUSB
041 _aeng
100 1 _aBrown, Paulette
_eautor
245 _aResisting economic injustice from within the "belly of the empire"
_c/ Paulette Brown
520 _aYvonne y Tina son mujeres negras de origen caribeño. Viven en Toronto, Canadá, uno de los mejores países para vivir según las Naciones Unidas. Ambos están intentando ingresar al sector empresarial. Como todos los negros, Yvonne pertenece a "una clase consumidora", lo que limita su acceso a las instituciones financieras. Tina tiene problemas de alquiler. Descubre que las políticas no escritas de los propietarios son "no tener inquilinos negros". Sus historias, escribe Paulette Brown, "invitan a analizar el papel desempeñado por la raza y la clase en las luchas por la justicia económica".
546 _aTexto en inglés.
650 7 _aMujeres
_xDerechos
_9325
650 7 _aDiscriminación
_9441
650 7 _aJusticia
_92116
650 0 _aCristianismo y economía
_91199
773 0 _tReformed World
_049396
_959503
_gVolumen 56, (número 1, 2006) páginas: 31 - 36
_qpágina: 31
942 _cANA
945 _aCatherine Arias Álvarez - Practicante SENA
999 _c61503
_d61503